<?xml version="1.0" encoding="UTF-8"?>
<record
    xmlns:xsi="http://www.w3.org/2001/XMLSchema-instance"
    xsi:schemaLocation="http://www.loc.gov/MARC21/slim http://www.loc.gov/standards/marcxml/schema/MARC21slim.xsd"
    xmlns="http://www.loc.gov/MARC21/slim">

  <leader>01778nam a2200205 a 4500</leader>
  <controlfield tag="008">190917t2000    sp  |||g |||| 001 0 spa d</controlfield>
  <datafield tag="020" ind1=" " ind2=" ">
    <subfield code="a">844131344x</subfield>
  </datafield>
  <datafield tag="041" ind1=" " ind2=" ">
    <subfield code="a">spa</subfield>
  </datafield>
  <datafield tag="092" ind1=" " ind2=" ">
    <subfield code="c">808</subfield>
    <subfield code="l">79</subfield>
    <subfield code="s">SIN</subfield>
  </datafield>
  <datafield tag="100" ind1="1" ind2=" ">
    <subfield code="a">Sinou&#xE9;, Gilbert</subfield>
    <subfield code="9">3469</subfield>
  </datafield>
  <datafield tag="245" ind1=" " ind2="3">
    <subfield code="a">El libro de zafiro.</subfield>
    <subfield code="b">Nueva novela hist&#xF3;rica /</subfield>
    <subfield code="c">Gilbert Sinou&#xE9;</subfield>
  </datafield>
  <datafield tag="250" ind1=" " ind2=" ">
    <subfield code="a">1a ed.</subfield>
    <subfield code="b">Traducci&#xF3;n Manuel Serrat Crespo</subfield>
  </datafield>
  <datafield tag="260" ind1=" " ind2=" ">
    <subfield code="a">Barcelona:</subfield>
    <subfield code="b">Plural;</subfield>
    <subfield code="c">2000.</subfield>
  </datafield>
  <datafield tag="300" ind1=" " ind2=" ">
    <subfield code="a">494 p.</subfield>
  </datafield>
  <datafield tag="500" ind1=" " ind2=" ">
    <subfield code="a">Sinoue, G. (2000). El libro de zafiro. Nueva novela hist&#xF3;rica. (1a ed.). Barcelona : Plural.</subfield>
  </datafield>
  <datafield tag="505" ind1=" " ind2=" ">
    <subfield code="a">Manuela Vivero, designada por la reina Isabel para que la represente durante la celebraci&#xF3;n del auto de fe que transcurre en Toledo el 28 de abril de 1478, rompe el protocolo y huye conmocionada. Los ojos de Aben Baruel se han clavado en los suyos antes de que el hombre se encaminara, con paso firme y el asomo de una sonrisa, hacia las llamas. Esa mirada es apenas un anticipo de las aventuras que Manuela vivir&#xE1; tras su encuentro con un anciano rabino, un maduro abencerraje y un joven franciscano. Ellos han sido los elegidos por Baruel para descifrar un complejo criptograma cuya resoluci&#xF3;n, solo al alcance de inteligencias tan excepcionales como las suyas, debe conducirlos al escondite de Libro de zafiro que &#xE9;l estudi&#xF3; hasta su muerte. El mensaje que figura en el libro permanece in&#xE9;dito, pero consta como escrito por la mano de Dios. Un texto de semejante envergadura podr&#xED;a poner en peligro los cimientos de la Iglesia y la casi conseguida unidad de Espa&#xF1;a, o as&#xED; lo creen Torquemada y la propia reina Isabel, dispuestos a lo que sea preciso para conjurar tales riesgos.</subfield>
  </datafield>
  <datafield tag="590" ind1=" " ind2=" ">
    <subfield code="a"> Proyecto 4to libro, Donaci&#xF3;n Maria Vitarelli, Diciembre 2017</subfield>
  </datafield>
  <datafield tag="655" ind1=" " ind2=" ">
    <subfield code="a">Literatura</subfield>
    <subfield code="9">2917</subfield>
  </datafield>
  <datafield tag="942" ind1=" " ind2=" ">
    <subfield code="2">ddc</subfield>
    <subfield code="c">LIT</subfield>
  </datafield>
  <datafield tag="999" ind1=" " ind2=" ">
    <subfield code="c">2620</subfield>
    <subfield code="d">2620</subfield>
  </datafield>
  <datafield tag="952" ind1=" " ind2=" ">
    <subfield code="0">0</subfield>
    <subfield code="1">0</subfield>
    <subfield code="2">ddc</subfield>
    <subfield code="4">0</subfield>
    <subfield code="7">0</subfield>
    <subfield code="a">BFM</subfield>
    <subfield code="b">BFM</subfield>
    <subfield code="c">CR</subfield>
    <subfield code="d">2017-12-27</subfield>
    <subfield code="e">Donaci&#xF3;n Maria Vitarelli, Diciembre 2017</subfield>
    <subfield code="l">0</subfield>
    <subfield code="o">808 79 SIN</subfield>
    <subfield code="p">4126</subfield>
    <subfield code="r">2017-12-27</subfield>
    <subfield code="t">Ej. 1</subfield>
    <subfield code="w">2017-12-27</subfield>
    <subfield code="y">LIT</subfield>
    <subfield code="z">Proyecto 4to libro. Donaci&#xF3;n Maria Vitarelli, Diciembre 2017</subfield>
  </datafield>
</record>
